Laddar...

Israil yathra /

Bibliografiska uppgifter
Huvudupphovsman: Chacko, M. C.
Språk:Undetermined
Publicerad: Kottayam : Current Books , 1998.
Ämnen:
LEADER 00509nam a2200169Ia 4500
001 134418
008 170722s9999 xx 000 0 und d
020 |a 8124006210 
100 |a Chacko, M. C. 
245 |a Israil yathra / 
260 |a Kottayam :  |b Current Books ,  |c 1998. 
300 |a 142 p.  |c 21cms 
653 |a Geography 
653 |a Travel 
942 |c GEN 
999 |c 118458  |d 118458 
952 |0 0  |1 0  |4 0  |6 U_8_465300000000000_32N8  |7 0  |9 167479  |a LIB  |b LIB  |d 2017-08-12  |o U8.4653 32N8  |p 232490  |r 2017-08-12  |v 55.00  |w 2017-08-12  |y GEN